000 00749nam a22002177a 4500
005 20251108164020.0
008 250721s1995 xx 000 0 ara d
082 1 4 _a818.02/هبا
100 1 _aإبن الهبارية، نظام الدين أبو علي
245 1 0 _aنتائج الفطنة في نظم كليلة و دمنة /
264 1 _aبيروت :
_bدار المواسم،
_c1995.
300 _a323ص
490 0 _aالأمثال و الحكم في آداب الشعوب و الأمم ؛2
650 1 7 _aالأدب المترجم
650 1 7 _aالأدب الهندي
650 1 7 _aالحكم (الأمثال)
650 1 7 _aالأدب العربي
700 1 _aغاصي، حسن
_eتحقيق
942 _2ddc
_cBK
999 _c1452
_d1452